|
|
|
|
| LEADER |
00000naa2a2200000 4500 |
| 001 |
426984 |
| 005 |
20231101074619.0 |
| 035 |
|
|
|a (RuTPU)RU\TPU\prd\86088
|
| 035 |
|
|
|a RU\TPU\prd\2977
|
| 090 |
|
|
|a 426984
|
| 100 |
|
|
|a 20100902a2002 k y0rusy50 ca
|
| 101 |
0 |
|
|a rus
|
| 102 |
|
|
|a RU
|
| 200 |
1 |
|
|a Информационно-измерительная система для термодесорбционных исследований
|f В.В. Каичев, А. М. Сорокин, А. И. Тимошин, Е. И. Вовк
|
| 225 |
1 |
|
|a Применение вычислительной техники в эксперименте
|
| 320 |
|
|
|a Библиогр.: 8 назв.
|
| 461 |
|
1 |
|0 (RuTPU)RU\TPU\prd\300
|x 0032-8162
|t Приборы и техника эксперимента
|f Российская академия наук
|d 1956-
|
| 463 |
|
1 |
|0 (RuTPU)RU\TPU\prd\86079
|t № 1
|v с. 58-62
|d 2002
|
| 610 |
1 |
|
|a измерительные системы
|
| 610 |
1 |
|
|a исследования
|
| 610 |
1 |
|
|a термодесорбция
|
| 610 |
1 |
|
|a вычислительная техника
|
| 610 |
1 |
|
|a применение
|
| 610 |
1 |
|
|a монокристаллы
|
| 610 |
1 |
|
|a серебро
|
| 610 |
1 |
|
|a средства автоматизации
|
| 675 |
|
|
|a 536.587:681.327
|v 3
|
| 701 |
|
1 |
|a Каичев
|b В.В.
|
| 701 |
|
1 |
|a Сорокин
|b А. М.
|
| 701 |
|
1 |
|a Тимошин
|b А. И.
|
| 701 |
|
1 |
|a Вовк
|b Е. И.
|
| 801 |
|
1 |
|a RU
|b 63413507
|c 20020410
|g PSBO
|
| 801 |
|
2 |
|a RU
|b 63413507
|c 20100902
|g PSBO
|
| 942 |
|
|
|c BK
|